International review of mission.

Bibliographic Details
Uniform Title:International review of mission (Online)
Corporate Authors: World Council of Churches. Commission on World Mission and Evangelism, International Missionary Council
Format: Journal
Language:English
Published: London : International review of missions.
Subjects:
Online Availability: Check for online availability

MARC

Tag First Indicator Second Indicator Subfields
LEADER 00000cas a2200000 a 4500
001 in00002583513
005 20151201150950.0
006 m d
007 cr mnu||||||||
008 980429c19129999sz qr pss 0 0eng d
010 |a  2004221972 
022 |a 1758-6631  |y 0020-8582 
029 1 |a OCLCS  |b 20758 
029 1 |a OCLCS  |b OP-24888 
029 1 |a NZ1  |b 8993665 
029 1 |a AU@  |b 000026416138 
029 1 |a NZ1  |b 12138611 
029 1 |a AU@  |b 000043827997 
029 1 |a AU@  |b 000044920910 
035 |a (OCoLC)ocm39035567 
035 |a (OCoLC)39035567 
040 |a FGA  |c FGA  |d OCL  |d AAA  |d OCL  |d OCLCQ  |d ATL  |d OCL  |d ATL  |d TXA  |d UtOrBLW 
042 |a lcd 
049 |a TXAM 
050 4 |a BV2351  |b .I6 Electronic 
130 0 |a International review of mission (Online) 
245 1 0 |a International review of mission. 
246 1 |i Issues for 1912-Jan. 1969 have title:  |a International review of missions 
246 1 3 |a IRM 
264 1 |a London :  |b International review of missions. 
310 |a Quarterly 
336 |a text  |b txt  |2 rdacontent 
337 |a computer  |b c  |2 rdamedia 
338 |a online resource  |b cr  |2 rdacarrier 
362 1 |a Print began with: Vol. 1, no. 1 (Jan. 1912). 
500 |a Issues also have distinctive titles. 
500 |a Description based on: Volume 39, number 156 (Oct. 1950); title from cover (ATLASerials, viewed Jan. 14, 2009). 
500 |a Latest issue consulted: Volume 96, Nos. 382/383 (July/October 2007) (ATLASerials, viewed Jan. 14, 2009). 
550 |a Vols. for <1950>-Jan. 1962 issued by International Missionary Council; Apr. 1962- by the Commission on World Mission and Evangelism of the World Council of Churches. 
555 |a Vol. 1 (1912)-v. 79 (1990). 1 v. 
538 |a Mode of access: World Wide Web. 
500 |a Electronic resource. 
650 0 |a Mission of the church  |v Periodicals. 
650 0 |a Missions  |v Periodicals. 
710 2 |a World Council of Churches.  |b Commission on World Mission and Evangelism. 
710 2 |a International Missionary Council. 
776 0 8 |i Print version:  |t International review of missions  |x 0020-8582  |w (DLC) 14006756  |w (OCoLC)1753698 
776 0 8 |i Also available in microfilm :  |t International review of missions  |w (OCoLC)9573810 
776 0 8 |i Also available in microfiche:  |t International review of missions  |w (OCoLC)44721063 
948 |a cataloged  |b h  |c 2010/5/17  |d c  |e spoltoratski  |f 3:15:35 pm 
994 |a C0  |b TXA 
999 |a MARS 
999 f f |s 323c8a39-54d2-34b7-a434-97a2208d6fe2  |i 7e284c95-1628-3343-9b08-396e1b03803d  |t 0 
952 f f |a Texas A&M University  |b College Station  |c Electronic Resources  |d Available Online  |t 0  |e BV2351 .I6  |g Electronic  |h Library of Congress classification 
998 f f |a BV2351 .I6  |t 0  |l Available Online